书目信息 |
| 题名: |
园林微景观设计与制作
|
|
| 作者: | 何礼华 , 李夺 , 陈丽 主编 | |
| 分册: | ||
| 出版信息: | 杭州 浙江大学出版社 2024.08 |
|
| 页数: | 168页 | |
| 开本: | 29cm | |
| 丛书名: | ||
| 单 册: | ||
| 中图分类: | TU986.2 | |
| 科图分类: | ||
| 主题词: | 园林设计--yuan lin she ji--景观设计--职业教育--教材 | |
| 电子资源: | ||
| ISBN: | 978-7-308-25333-8 | |
| 000 | 01031nam0 2200277 450 | |
| 001 | 89696 | |
| 005 | 20250814184634.40 | |
| 010 | @a978-7-308-25333-8@dCNY58.00 | |
| 100 | @a20240914d2024 em y0chiy50 ea | |
| 101 | 0 | @achi |
| 102 | @aCN@b330000 | |
| 105 | @aa a 000yy | |
| 106 | @ar | |
| 200 | 1 | @a园林微景观设计与制作@Ayuan lin wei jing guan she ji yu zhi zuo@f主编何礼华, 李夺, 陈丽 |
| 210 | @a杭州@c浙江大学出版社@d2024.08 | |
| 215 | @a168页@c图 (部分彩图)@d29cm | |
| 320 | @a有书目 (第168页) | |
| 330 | @a本书共七章, 内容包括: 园林景观手绘设计基础知识 ; 园林微景观设计手绘制图训练作品 ; 园林微景观制作设备工具与材料 ; 园林微景观制作流程与技法 ; 园林微景观制作训练作品展示等。 | |
| 333 | @a职业教育园林、园艺、环艺专业“十四五”规划教材 | |
| 606 | 0 | @a园林设计@Ayuan lin she ji@x景观设计@x职业教育@j教材 |
| 690 | @aTU986.2@v5 | |
| 701 | 0 | @a何礼华@Ahe li hua@4主编 |
| 701 | 0 | @a李夺@Ali duo@4主编 |
| 701 | 0 | @a陈丽@Achen li@4主编 |
| 801 | 0 | @aCN@c20250909 |
| 905 | @a河南城建学院图书馆@dTU986.2@eH180-3@f1 | |
| 园林微景观设计与制作/主编何礼华, 李夺, 陈丽.-杭州:浙江大学出版社,2024.08 |
| 168页:图 (部分彩图);29cm |
| 使用对象:职业教育园林、园艺、环艺专业“十四五”规划教材 |
| ISBN 978-7-308-25333-8:CNY58.00 |
| 本书共七章, 内容包括: 园林景观手绘设计基础知识 ; 园林微景观设计手绘制图训练作品 ; 园林微景观制作设备工具与材料 ; 园林微景观制作流程与技法 ; 园林微景观制作训练作品展示等。 |
| ● |
| 相关链接 |
|
|
|
正题名:园林微景观设计与制作
索取号:TU986.2/H180-3
 
预约/预借
| 序号 | 登录号 | 条形码 | 馆藏地/架位号 | 状态 | 备注 |
| 1 | 1623658 | 216236589 | 建筑库201/201建筑库 97排1列4层/ [索取号:TU986.2/H180-3] | 在馆 |